[Event "Kuala Lumpur UM KPT op"]
[Site "Kuala Lumpur"]
[Date "2016.12.17"]
[Round "4"]
[White "Lee, Mun Kit Sean"]
[Black "Cheang, Weng Chuing"]
[Result "1/2-1/2"]
[WhiteElo "1178"]
[BlackElo "1435"]
[PlyCount "90"]
[EventDate "2016.12.16"]
[EventType "swiss"]
[EventRounds "9"]
[EventCountry "MAS"]
[SourceTitle "CBM 176 Extra"]
[Source "ChessBase"]
[SourceDate "2017.03.02"]
[SourceVersion "1"]
[SourceVersionDate "2017.03.02"]
[SourceQuality "1"]

1. d4 d5 2. e3 Nf6 3. Nf3 e6 4. Bd3 c5 5. b3 Nc6 6. c4 cxd4 7. exd4 Bd6 8. 0-0 0-0 9. Re1 Qc7 10. Bb2 Re8 11. Bc3 b6 12. Ne5 Bb4 13. Nxc6 Bxc3 14. Nxc3 Qxc6 15. Qc2 Bb7 16. Re3 dxc4 17. Be4 Nxe4 18. Nxe4 f5 19. d5 Qd7 20. Ng3 f4 21. dxe6 Rxe6 22. Rxe6 Qxe6 23. Nh5 Qg4 24. Qxc4+ Kh8 25. Nxf4 Rf8 26. Qe6 Qxf4 27. Rf1 Bxg2 28. Kxg2 h6 29. Qh3 Rf5 30. Kh1 Rc5 31. Qe3 Rf5 32. Qxf4 Rxf4 33. Kg2 g5 34. Re1 Kg7 35. Re7+ Rf7 36. Rxf7+ Kxf7 37. Kg3 a5 38. a4 Ke6 39. f4 Kf5 40. fxg5 hxg5 41. h3 Kg6 42. Kg4 Kf6 43. Kf3 Kg7 44. Kg4 Kg6 45. Kf3 Kf5 1/2-1/2

[Event "Kuala Lumpur UM KPT op"]
[Site "Kuala Lumpur"]
[Date "2016.12.16"]
[Round "3"]
[White "Cheang, Weng Chuing"]
[Black "Lee, Yib Yi"]
[Result "0-1"]
[WhiteElo "1435"]
[BlackElo "1419"]
[PlyCount "148"]
[EventDate "2016.12.16"]
[EventType "swiss"]
[EventRounds "9"]
[EventCountry "MAS"]
[SourceTitle "CBM 176 Extra"]
[Source "ChessBase"]
[SourceDate "2017.03.02"]
[SourceVersion "1"]
[SourceVersionDate "2017.03.02"]
[SourceQuality "1"]

1. e4 e6 2. d4 d5 3. Nd2 Nf6 4. e5 Nfd7 5. Ngf3 c5 6. c3 Qb6 7. Qa4 Nc6 8. Bb5 cxd4 9. Bxc6 bxc6 10. cxd4 Ba6 11. Nb3 Bb5 12. Qa5 c5 13. dxc5 Bxc5 14. Qxb6 axb6 15. Nbd4 Bb4+ 16. Bd2 Bxd2+ 17. Kxd2 Bc4 18. b3 Ba6 19. Rhc1 0-0 20. Rc7 Nc5 21. Nc6 h6 22. Nfd4 Kh7 23. Ne7 Rad8 24. b4 Rd7 25. Rxd7 Nxd7 26. b5 Bb7 27. f4 Nc5 28. Rc1 Ra8 29. Rc2 Ra3 30. Nec6 Kg8 31. Nb4 Ne4+ 32. Ke2 Rc3 33. Rxc3 Nxc3+ 34. Kd3 Na4 35. g4 Kf8 36. f5 Bc8 37. Nbc6 Ke8 38. h4 Nc5+ 39. Ke3 Bd7 40. Nb8 Bc8 41. Nbc6 Bd7 42. fxe6 fxe6 43. g5 hxg5 44. hxg5 Ne4 45. Kf4 Kf7 46. a4 Nc5 47. a5 bxa5 48. Nxa5 Nd3+ 49. Ke3 Nxe5 50. b6 Bc8 51. Ndc6 Nd7 52. Nd8+ Ke7 53. Nxe6 Kxe6 54. b7 Bxb7 55. Nxb7 Ke5 56. Na5 d4+ 57. Ke2 Nc5 58. Nc6+ Ke4 59. Nxd4 Kxd4 60. Kf3 Ke5 61. Kg4 g6 62. Kg3 Kf5 63. Kh4 Kf4 64. Kh3 Kxg5 65. Kg3 Nd7 66. Kh3 Kf4 67. Kg2 Kg4 68. Kh2 Kf3 69. Kg1 Kg3 70. Kh1 g5 71. Kg1 g4 72. Kh1 Kf2 73. Kh2 g3+ 74. Kh1 g2+ 0-1